| 000 | 00547nam a22001937a 4500 | ||
|---|---|---|---|
| 999 |
_c10607 _d10607 |
||
| 003 | AR-CdUCM | ||
| 008 | 190401b ||||| |||| 00| 0 spa d | ||
| 040 |
_aMUNICIPALIDAD PROVINCIAL DEL CUSCO _cBIBLIOTECA MUNICIPAL DEL CUSCO |
||
| 082 |
_aES / 800 / _bH72 |
||
| 100 |
_aHomero _912528 |
||
| 245 | _aLa ilíada / | ||
| 260 |
_aLima : _bFondo editorial navarrete, |
||
| 300 |
_a127 paginas _c15 cm. |
||
| 505 | _aContenido :La ilíada. | ||
| 650 |
_aLiteratura peruana _9169 |
||
| 650 |
_aNovelas _9218 |
||
| 942 |
_2ddc _cLIBROS |
||
| 945 | _arum | ||